Statystyki dla Strzelcy bramek w reprezentacji Polski za kadencji Santosa

Kliknij tutaj aby rozwiązać quiz!

Ogólne statystyki

  • Ten quiz został rozwiązany 96 razy
  • Średni wynik to 4 z 5

Statystyki odpowiedzi

Ilość bramekZawodnik% Poprawnych
3Lewandowski
100%
1Milik
92%
1Świderski
89%
1Szymański
78%
1Kiwior
70%

Rozkład punktacji

Percentyl według liczby udzielonych odpowiedzi

Procent ludzi z każdym wynikiem

Twoja historia wyników

Nie rozwiązałeś tego quizu